00826nam a22002291 4500001000700000003000900007005001700016007000300033008004100036016001800077040002100095080001600116100002900132245011200161260004100273300002900314650003500343700004500378852003200423999001900455952012200474140743ES-MaACL20230906200138.0t|070917s1972 sp ||||0| spa d7 zIND2000945125 aM-BN bspa cCDM a725.4.011.11 aWild, Friedmann.911681710aEdificios para la industria / cFriedmann Wild ; [versión española de José Manuel Oliva Hernández]. aBarcelona : bGustavo Gili, c[1972] a134 p. : bil ; c26 cm. aEdificios industriales.9120561 aOliva Hernández, José Manuel.986738 aES-MaACLjC-47748 bR.84496 c140743d140743 00104070aATENEOMbATENEOMcDEPO2d2008-01-17eSCl0oC-47748p1146457r2023-02-23 00:00:00w2023-02-23yMONOGRAFIA